00405 2200181 4500001002100000005001500021035002000036245002700056100001800083250000600101300001700107856001200124260003900136082000800175084001400183990001300197990001300210INLIS00000000000159820250422105218 a0010-04250000141 aGurah /cDra. Winarsih0 aDra. Winarsih a1 a114 :bIlust aRak 800 aJakarta :bPT. Dian Ariesta,c2002 a800 a800 DRA g a03.20121 a03.20122